000
00274nam a22001217a 4500
020
_a
0-672-20808-3
082
_a
621.39 COR'C
100
_a
CORBIN, ALFERD
_9
78248
245
_a
COMPUTER DATA HANDLING
260
_a
USA
_b
HOWARD W.SAMS
_c
1974
300
_a
176P
942
_c
BK
999
_c
583399
_d
583399